Дело об определении, об увольнении в 1829 году и смерти актёра Алексея Долбилова, и о назначении вдове его пенсии

Доступно только в Электронных читальных залах Найти на картеНа карте
RUSMARC
00003643nmc2a22000003x 450
0017e355300-0a1a-46ee-9b5b-871b36bb35f0
00520181010002337.0
100##$a20161222l18221855k l0rusy0189 ca
1010#$arus
102##$aRU
2001#$aДело об определении, об увольнении в 1829 году и смерти актёра Алексея Долбилова, и о назначении вдове его пенсии
$j12 июня 1822 г. - 17 сентября 1855 г.
251##$cДело
300##$aДело
801#0$aRU
$bРГИА
$c20161222
$gRCR
801#1$aRU
$bГлавНИВЦ
$c20161222
$2rusmarc
801#2$aRU
$bПБ им. Б.Н. Ельцина
$c20181010
$gRCR
$2rusmarc
850##$aРГИА
852##$aРГИА
$eФедеральное казенное учреждение "Российский государственный исторический архив" (РГИА)
$j2220
937##$hРГИА
$d12236467
$aASBIBLIO_SCAN
462#0$1001dd3991dc-24e1-42ec-8838-ca4255420416
$12001
$a1746-1850 гг.
$1251
$cОпись
$1852
$j1
461#0$10019264ebf8-de62-4f1a-9eb4-9f22098dbbd5
$12001
$aДирекция императорских театров МИДв
$1251
$cФонд
$1852
$j497
215##$a60 л.
$d36,5х26 см
371##$aДокумент не является опубликованным и широко распространяемым
105##$ay###
1222#$ad
035##$a7e355300-0a1a-46ee-9b5b-871b36bb35f0
856##$uhttp://readingroom.main.prlib.ru/item.aspx?id_node=n119117012&mode=full
Формат отображения